[Event "Women's Speed Chess Q4"]
[Site "chess.com INT"]
[Date "2021.06.03"]
[Round "10"]
[White "Von Herman, Brigitte"]
[Black "Grigoryan, Meri"]
[Result "0-1"]
[WhiteTitle "WFM"]
[BlackTitle "WFM"]
[WhiteElo "1991"]
[BlackElo "2044"]
[WhiteFideId "4628730"]
[BlackFideId "13300571"]
[EventDate "2021.06.03"]

1. e4 e5 2. Nf3 Nc6 3. Bc4 Nf6 4. d3 Bc5 5. c3 a5 6. Bb3 d6 7. Nbd2 O-O 8. O-O
h6 9. Re1 Be6 10. Nf1 Qc8 11. Ng3 b5 12. Nh4 a4 13. Bc2 Bg4 14. Qd2 b4 15. Nhf5
d5 16. h3 bxc3 17. bxc3 Bxf5 18. Nxf5 dxe4 19. dxe4 Ne7 20. Nxe7+ Bxe7 21. Qe2
Qa6 22. Qf3 Qe6 23. Be3 Rfd8 24. Rab1 a3 25. Bb3 Qa6 26. Rbd1 Rd3 27. c4 Rxd1
28. Rxd1 Rd8 29. Rxd8+ Bxd8 30. Qf5 Be7 31. Qxe5 Bd6 32. Qf5 Qa5 33. c5 Qe1# 0-1

[Event "Women's Speed Chess Q4"]
[Site "chess.com INT"]
[Date "2021.06.03"]
[Round "10"]
[White "Tomilova, Elena"]
[Black "Golubenko, Valentina"]
[Result "1-0"]
[WhiteTitle "WGM"]
[BlackTitle "WGM"]
[WhiteElo "2338"]
[BlackElo "2209"]
[WhiteFideId "4162340"]
[BlackFideId "4501993"]
[EventDate "2021.06.03"]

1. c4 g6 2. d4 Bg7 3. Nf3 Nf6 4. e3 d5 5. cxd5 Nxd5 6. Be2 O-O 7. e4 Nf6 8. Nc3
b6 9. O-O Bb7 10. Qc2 Nbd7 11. Bf4 Rc8 12. Rfd1 c5 13. d5 Nh5 14. Bg5 Qe8 15.
Qa4 h6 16. Bb5 Rd8 17. Qxa7 hxg5 18. Qxb7 g4 19. Ng5 Bf6 20. Ne6 fxe6 21. dxe6
Bd4 22. Rxd4 cxd4 23. Bxd7 Rxd7 24. exd7 Qd8 25. Qd5+ Kh7 26. Qxd4 Nf4 27. Rd1
e6 28. Qe3 Rf7 29. Qd2 g5 30. e5 Ng6 31. Ne4 1-0

[Event "Women's Speed Chess Q4"]
[Site "chess.com INT"]
[Date "2021.06.03"]
[Round "10"]
[White "Cyfka, Karina"]
[Black "Pavlidou, Ekaterini"]
[Result "0-1"]
[WhiteTitle "IM"]
[BlackTitle "WIM"]
[WhiteElo "2415"]
[BlackElo "2157"]
[WhiteFideId "1122681"]
[BlackFideId "4213262"]
[EventDate "2021.06.03"]

1. d4 Nf6 2. c4 e6 3. Nf3 b6 4. g3 Ba6 5. b3 Bb4+ 6. Bd2 Be7 7. Bg2 d5 8. cxd5
exd5 9. O-O O-O 10. Bf4 c6 11. Nc3 Bb7 12. Rc1 Na6 13. Ne5 Ba3 14. Rb1 Bd6 15.
h3 Rc8 16. e4 Nc7 17. Nxc6 Bxc6 18. e5 Ne6 19. Be3 Bb4 20. Rc1 Bxc3 21. exf6 Bb4
22. fxg7 Re8 23. Qh5 Nxg7 24. Qg4 Bd7 25. Qf3 Be6 26. g4 Qd7 27. Bh6 Rxc1 28.
Qf6 Rxf1+ 29. Bxf1 Bf8 30. Bd3 Qe7 31. Qf3 f5 32. g5 Qf7 33. h4 Nh5 34. Bxf8
Rxf8 35. Qe2 f4 36. Qe5 Bf5 37. Be2 Bg6 38. Bf3 Be4 39. Bg4 Ng7 40. h5 f3 41. h6
Re8 42. Qd6 Qe7 43. Qc6 Qxg5 44. hxg7 Qxg4+ 45. Kf1 Bd3# 0-1

[Event "Women's Speed Chess Q4"]
[Site "chess.com INT"]
[Date "2021.06.03"]
[Round "10"]
[White "Varshini, V"]
[Black "Kazarian, Anna-Maja"]
[Result "0-1"]
[WhiteTitle "WGM"]
[BlackTitle "FM"]
[WhiteElo "2226"]
[BlackElo "2096"]
[WhiteFideId "5091241"]
[BlackFideId "1033689"]
[EventDate "2021.06.03"]

1. e4 e6 2. d4 d5 3. e5 c5 4. c3 Nc6 5. Nf3 Qb6 6. a3 Bd7 7. b4 cxd4 8. cxd4
Nge7 9. Be2 Nf5 10. Bb2 h5 11. O-O Be7 12. Qd3 g5 13. Rd1 g4 14. Ne1 Rg8 15. Bf1
h4 16. Nc3 g3 17. Nf3 gxf2+ 18. Kxf2 f6 19. Na4 Qc7 20. Rac1 a6 21. Nc5 fxe5 22.
dxe5 Qb6 23. Kg1 a5 24. Kh1 axb4 25. Nxd7 Kxd7 26. axb4 Nxb4 27. Qb3 Rh8 28. Bd4
Nxd4 29. Rxd4 h3 30. Rb1 hxg2+ 31. Bxg2 Rh5 32. Rxb4 Bxb4 33. Qxb4 Qxb4 34. Rxb4
Ra1+ 35. Ng1 Rxe5 36. Rxb7+ Kc6 37. Rb8 Ree1 0-1

[Event "Women's Speed Chess Q4"]
[Site "chess.com INT"]
[Date "2021.06.03"]
[Round "10"]
[White "Gaponenko, Inna"]
[Black "Gevorgyan, Maria"]
[Result "0-1"]
[WhiteTitle "IM"]
[BlackTitle "WGM"]
[WhiteElo "2357"]
[BlackElo "2219"]
[WhiteFideId "14101181"]
[BlackFideId "13300270"]
[EventDate "2021.06.03"]

1. e4 c5 2. c3 Nf6 3. e5 Nd5 4. Bc4 Nb6 5. Bb3 c4 6. Bc2 Nc6 7. Nf3 d5 8. exd6
Qxd6 9. O-O Bg4 10. Qe2 O-O-O 11. Na3 f6 12. b3 Ne5 13. Be4 f5 14. Bxb7+ Kxb7
15. Qxe5 Bxf3 16. Qxd6 Rxd6 17. gxf3 Rg6+ 18. Kh1 e6 19. Nxc4 Nxc4 20. bxc4 Bd6
21. d4 Kc6 22. Rb1 Bc7 23. Re1 Rf8 24. f4 Kd7 25. Rb7 Rg4 26. d5 exd5 27. cxd5
Rf6 28. c4 Kc8 29. Rxa7 Rh6 30. Re6 Rh3 0-1

[Event "Women's Speed Chess Q4"]
[Site "chess.com INT"]
[Date "2021.06.03"]
[Round "10"]
[White "Nandhidhaa, P V"]
[Black "Ziegenfuss, Antonia"]
[Result "1-0"]
[WhiteTitle "WGM"]
[BlackTitle "WFM"]
[WhiteElo "2365"]
[BlackElo "2157"]
[WhiteFideId "5050847"]
[BlackFideId "12962554"]
[EventDate "2021.06.03"]

1. b3 e5 2. Bb2 d6 3. Nf3 c5 4. e4 Nc6 5. Bc4 Be7 6. d3 Nf6 7. h3 a6 8. a4 Rb8
9. Nc3 O-O 10. O-O Be6 11. Nd5 Bxd5 12. Bxd5 Nxd5 13. exd5 Nb4 14. c4 b5 15.
axb5 axb5 16. Bc3 bxc4 17. bxc4 f5 18. Qe2 Bf6 19. Rfb1 e4 20. Bxf6 Qxf6 21.
dxe4 Rbe8 22. e5 dxe5 23. Ra5 e4 24. Nd2 Nd3 25. Rb7 Qe5 26. Raa7 f4 27. Rxg7+
Qxg7 28. Rxg7+ Kxg7 29. Nxe4 Ne5 30. Qb2 Kg8 31. Qb6 Nxc4 32. Nf6+ Kg7 33. Nxe8+
Rxe8 34. Qxc5 Nd2 35. Qd4+ 1-0

[Event "Women's Speed Chess Q4"]
[Site "chess.com INT"]
[Date "2021.06.03"]
[Round "10"]
[White "Enkhtuul, Altan-Ulzii"]
[Black "Chu, Ruotong"]
[Result "0-1"]
[WhiteTitle "WGM"]
[BlackTitle "WIM"]
[WhiteElo "2228"]
[BlackElo "2207"]
[WhiteFideId "4901444"]
[BlackFideId "8605653"]
[EventDate "2021.06.03"]

1. d4 d5 2. c4 dxc4 3. e4 e5 4. d5 Nf6 5. Nc3 b5 6. Nxb5 Nxe4 7. Bxc4 Nxf2 8.
Qf3 Nxh1 9. d6 Qh4+ 10. g3 Qxc4 11. Nxc7+ Kd8 12. Qxa8 Bxd6 13. Bg5+ f6 14. Rc1
Qb4+ 15. Bd2 Qb7 16. Ne6+ Ke7 17. Qxb7+ Bxb7 18. Nxg7 Be4 19. Rc4 f5 20. Rxe4
fxe4 21. Nf5+ Ke6 22. Nxd6 Kxd6 23. Nh3 Nc6 24. Kf1 Nd4 25. Kg2 Rc8 26. Kxh1 Rc2
27. Ng5 Kd5 28. Bc3 h6 29. Nh7 Nf3 30. Nf6+ Ke6 31. Ng4 h5 32. Nf2 Rxf2 0-1

[Event "Women's Speed Chess Q4"]
[Site "chess.com INT"]
[Date "2021.06.03"]
[Round "10"]
[White "Mammadova, Gulnar"]
[Black "Ambartsumova, Karina"]
[Result "1-0"]
[WhiteTitle "IM"]
[BlackTitle "IM"]
[WhiteElo "2382"]
[BlackElo "2382"]
[WhiteFideId "13403508"]
[BlackFideId "4166299"]
[EventDate "2021.06.03"]

1. e4 c5 2. Nf3 e6 3. b3 Nc6 4. Bb2 d6 5. d4 cxd4 6. Nxd4 Nxd4 7. Bxd4 Nf6 8.
Bd3 Be7 9. O-O e5 10. Bb2 O-O 11. c4 Be6 12. Nc3 Nd7 13. Nd5 Bxd5 14. cxd5 Rc8
15. Rc1 Rxc1 16. Bxc1 Bg5 17. Ba3 Qb6 18. Qg4 Qd8 19. Bxd6 Nf6 20. Qxg5 Qxd6 21.
Qe3 Qa3 22. Qd2 Rc8 23. h3 Qc5 24. Kh2 Qd4 25. Qe2 h6 26. Rd1 Qc5 27. Rd2 Qb4
28. Rc2 Rd8 29. Rc4 Qd6 30. a4 Nxd5 31. exd5 e4+ 32. g3 exd3 33. Qxd3 Qxd5 34.
Qxd5 Rxd5 35. Rc8+ Kh7 36. Rc7 b5 37. Rxf7 bxa4 38. bxa4 Ra5 39. Rf4 Kg6 40. g4
h5 41. Kg3 hxg4 42. hxg4 Kh7 43. Rb4 Kg6 44. f4 Kh7 45. f5 Kh6 46. Kf4 g6 47.
Rc4 gxf5 48. gxf5 Kg7 49. Kg5 Kf7 50. Rc7+ Kf8 51. Rc4 Kf7 52. Rb4 Kf8 53. Kg6
Ke8 54. f6 Ra6 55. Kg7 Ra5 56. f7+ 1-0

[Event "Women's Speed Chess Q4"]
[Site "chess.com INT"]
[Date "2021.06.03"]
[Round "10"]
[White "Kulkarni, Bhakti"]
[Black "Luong, Phuong Hanh"]
[Result "1-0"]
[WhiteTitle "IM"]
[BlackTitle "WIM"]
[WhiteElo "2391"]
[BlackElo "2229"]
[WhiteFideId "5019516"]
[BlackFideId "12401013"]
[EventDate "2021.06.03"]

1. d4 Nf6 2. Nf3 g6 3. g3 Bg7 4. Bg2 O-O 5. O-O d5 6. c4 c6 7. Ne5 dxc4 8. Nxc4
Be6 9. Ne5 Nbd7 10. Nf3 Bd5 11. Nc3 Nb6 12. Nxd5 cxd5 13. b3 Rc8 14. Ba3 Ne4 15.
Rc1 Qd7 16. Ne5 Qe6 17. f4 f6 18. Bxe4 fxe5 19. Rxc8 Rxc8 20. f5 Qc6 21. Bg2
exd4 22. Bxe7 gxf5 23. Qd3 Qc3 24. Rxf5 Qxd3 25. exd3 Re8 26. Bb4 Re5 27. Rxe5
Bxe5 28. Bh3 Kf7 29. Bc5 Kf6 30. a4 Bc7 31. Bxd4+ Be5 32. Bc5 Bc3 33. Kf2 Ke5
34. Ke3 d4+ 35. Ke2 Kd5 36. Bf8 Ke5 37. Bg7+ Kd6 38. Bf5 h5 39. h4 Nd5 40. Bg6
Ne7 41. Bf8 Ke6 42. Bxh5 Nf5 43. Bg4 Ke5 44. Bxf5 Kxf5 45. Kf3 Bd2 46. g4+ Kg6
47. Ke4 Be3 48. Bc5 Kf7 49. Bxd4 1-0

[Event "Women's Speed Chess Q4"]
[Site "chess.com INT"]
[Date "2021.06.03"]
[Round "10"]
[White "Vargas, Gabriela"]
[Black "Pandey, Srishti"]
[Result "1-0"]
[WhiteTitle "WIM"]
[BlackTitle "WFM"]
[WhiteElo "2170"]
[BlackElo "2026"]
[WhiteFideId "3700860"]
[BlackFideId "35093290"]
[EventDate "2021.06.03"]

1. d4 Nf6 2. Nf3 c5 3. d5 b5 4. e4 Nxe4 5. Bd3 Nd6 6. b3 Bb7 7. c4 bxc4 8. bxc4
e6 9. dxe6 dxe6 10. O-O Be7 11. Bb2 O-O 12. Qe2 Bf6 13. Nc3 Nc6 14. Rad1 Qe7 15.
Rfe1 Nb4 16. Bb1 Ba6 17. Rxd6 Bxc3 18. Bxc3 Qxd6 19. Bxh7+ Kxh7 20. Ng5+ Kg6 21.
Ne4 Qf4 22. g3 Qf5 23. Nd6 Qh5 24. Qe4+ Kh6 25. Bd2+ g5 26. h4 Kg7 27. Bxg5 f6
28. Bd2 e5 29. Nf5+ Kf7 30. a3 Bc8 31. axb4 Bxf5 32. Qd5+ Be6 33. Qxc5 1-0

[Event "Women's Speed Chess Q4"]
[Site "chess.com INT"]
[Date "2021.06.03"]
[Round "10"]
[White "Vo, Thi Kim Phung"]
[Black "Potapova, Margarita"]
[Result "1-0"]
[WhiteTitle "WGM"]
[BlackTitle "WIM"]
[WhiteElo "2335"]
[BlackElo "2252"]
[WhiteFideId "12401838"]
[BlackFideId "14126869"]
[EventDate "2021.06.03"]

1. d4 Nf6 2. c4 e6 3. Nc3 Bb4 4. Qc2 O-O 5. Nf3 d5 6. cxd5 exd5 7. Bg5 h6 8. Bh4
g5 9. Bg3 Nc6 10. e3 Ne4 11. Bd3 Bf5 12. O-O Bxc3 13. bxc3 Bg6 14. Nd2 f5 15. f3
Nxg3 16. hxg3 Qe7 17. Rae1 Qd6 18. Kf2 Rae8 19. Rh1 Kg7 20. Rh3 Re7 21. Reh1 Qe6
22. Nf1 h5 23. f4 Qf6 24. Rxh5 Bxh5 25. Rxh5 gxf4 26. gxf4 Re4 27. Rg5+ Kf7 28.
Ng3 Ne7 29. Bxe4 fxe4 30. Qb3 Qb6 31. Qc2 c5 32. Qe2 Ke8 33. Qh5+ Kd8 34. Ne2 c4
35. Re5 Qf6 36. Rg5 Kc8 37. Qh3+ Kb8 38. Qd7 Nc6 39. Rg7 1-0

[Event "Women's Speed Chess Q4"]
[Site "chess.com INT"]
[Date "2021.06.03"]
[Round "10"]
[White "Fominykh, Maria"]
[Black "Cori T., Deysi"]
[Result "0-1"]
[WhiteTitle "WGM"]
[BlackTitle "WGM"]
[WhiteElo "2206"]
[BlackElo "2388"]
[WhiteFideId "4142411"]
[BlackFideId "3801934"]
[EventDate "2021.06.03"]

1. d4 Nf6 2. c4 g6 3. Nc3 Bg7 4. Nf3 O-O 5. e4 d6 6. h3 Nfd7 7. Be3 a6 8. g4 c5
9. Bg2 cxd4 10. Nxd4 Nc6 11. O-O Nde5 12. b3 Nxd4 13. Bxd4 Nc6 14. Bxg7 Kxg7 15.
f4 Qa5 16. Nd5 Qc5+ 17. Kh1 Be6 18. Rc1 Rac8 19. f5 Bd7 20. f6+ exf6 21. Nxf6
Be6 22. Qd2 h6 23. Rcd1 Rcd8 24. Qf4 Qe5 25. Qf2 b5 26. cxb5 axb5 27. Rd2 Rc8
28. Nd5 Rfd8 29. Rfd1 Nb8 30. Nb6 Rc6 31. Nd5 Nd7 32. Nf4 Nc5 33. Rd5 Bxd5 34.
exd5 Rc7 35. Re1 Qc3 36. Ne2 Qb2 37. Rf1 Re7 0-1

[Event "Women's Speed Chess Q4"]
[Site "chess.com INT"]
[Date "2021.06.03"]
[Round "10"]
[White "Agrest, Inna"]
[Black "Klinova, Masha"]
[Result "0-1"]
[WhiteTitle "WIM"]
[BlackTitle "IM"]
[WhiteElo "2285"]
[BlackElo "2275"]
[WhiteFideId "1708830"]
[BlackFideId "2802015"]
[EventDate "2021.06.03"]

1. e4 d6 2. d4 Nf6 3. Nc3 g6 4. Nf3 Bg7 5. Bf4 O-O 6. Qd2 Nc6 7. O-O-O Bg4 8.
Be2 Bxf3 9. Bxf3 e5 10. dxe5 dxe5 11. Qxd8 Rfxd8 12. Rxd8+ Rxd8 13. Bg5 Rd7 14.
g3 Nd4 15. Bd1 c6 16. f4 h6 17. Bh4 Ne8 18. Rf1 Nc7 19. Na4 b6 20. c3 Nde6 21.
f5 gxf5 22. exf5 Ng5 23. b4 e4 24. f6 Bf8 25. Nb2 Nd5 26. Nc4 Nxc3 27. Bg4 Rd4
28. Ne3 Nxa2+ 29. Kb2 Nxb4 30. Nf5 Rd2+ 31. Kc3 Rxh2 32. Ne7+ Bxe7 33. fxe7 Nd5+
34. Kd4 Nxe7 35. Ra1 a5 36. Rb1 b5 37. Kc5 Rd2 38. Rf1 e3 39. Re1 Rd5+ 40. Kb6
Re5 41. Be2 a4 42. g4 Nd5+ 43. Kxc6 Nc3 44. Bg3 Re6+ 45. Kc5 Nxe2 46. Rxe2 Ne4+
47. Kxb5 Nxg3 0-1

[Event "Women's Speed Chess Q4"]
[Site "chess.com INT"]
[Date "2021.06.03"]
[Round "10"]
[White "Dong, Khanh Linh"]
[Black "Doluhanova, Evgeniya"]
[Result "0-1"]
[WhiteTitle "WCM"]
[BlackTitle "WGM"]
[WhiteElo "1970"]
[BlackElo "2207"]
[WhiteFideId "12403040"]
[BlackFideId "14112035"]
[EventDate "2021.06.03"]

1. e4 e5 2. Nf3 Nc6 3. Bb5 Nf6 4. O-O Nxe4 5. Re1 Nd6 6. Bxc6 dxc6 7. Nxe5 Be7
8. d4 O-O 9. Nc3 Bf5 10. Bf4 Bf6 11. h3 h6 12. Ng4 Bxg4 13. Qxg4 Bxd4 14. Bxh6
Qf6 15. Bg5 Qxf2+ 16. Kh1 Bxc3 17. bxc3 Qxc2 18. Re3 Rfe8 19. Rg3 Qf5 20. Qxf5
Nxf5 21. Rg4 Re6 22. Rb1 b6 23. Bf4 Rc8 24. a4 a5 25. Rf1 Ne3 26. Bxe3 Rxe3 27.
Rc4 c5 28. Rcf4 f6 29. Rg4 Kf7 30. c4 Rd8 31. h4 Rd4 32. Rxd4 cxd4 33. Rd1 c5
34. Kh2 Rb3 35. g3 Rb4 36. Kh3 Rxa4 37. Rb1 Rb4 38. Rc1 a4 39. g4 a3 40. g5 fxg5
41. hxg5 Kg6 42. Kg4 a2 43. Ra1 Rb2 44. Kf4 d3 45. Ke3 d2 46. Ke2 Rb1 0-1

[Event "Women's Speed Chess Q4"]
[Site "chess.com INT"]
[Date "2021.06.03"]
[Round "10"]
[White "Nguyen, Hong Anh"]
[Black "Buksa, Nataliya"]
[Result "0-1"]
[WhiteTitle "WIM"]
[BlackTitle "IM"]
[WhiteElo "1993"]
[BlackElo "2414"]
[WhiteFideId "12406732"]
[BlackFideId "14123622"]
[EventDate "2021.06.03"]

1. d4 d5 2. c4 e6 3. Nf3 Nf6 4. g3 Be7 5. Bg2 O-O 6. O-O dxc4 7. Ne5 c5 8. dxc5
Qc7 9. Nxc4 Rd8 10. Qb3 Nc6 11. Be3 Nd4 12. Bxd4 Rxd4 13. Nc3 Qxc5 14. Ne3 Qb4
15. Qc2 Bd7 16. Rfd1 Bc6 17. Bxc6 bxc6 18. Rxd4 Qxd4 19. Rd1 Qc5 20. Qa4 Rb8 21.
Qf4 e5 22. Qc4 h5 23. b3 Rb6 24. Qxc5 Bxc5 25. Nc4 Ra6 26. Nxe5 Bb4 27. Rd8+ Kh7
28. Na4 c5 29. Nxf7 c4 30. Rc8 cxb3 31. axb3 Ne4 32. f3 Nd2 33. Rb8 Be7 34. Rb7
Bf6 35. Kf2 Rc6 36. Rxa7 Bd4+ 37. Kg2 Bxa7 38. Ng5+ Kg6 39. h4 Nxb3 40. Nb2 Nd4
41. Nd3 Rc2 42. Nf4+ Kh6 43. Kf1 Rc1+ 44. Kg2 Nf5 45. Nf7+ Kh7 46. Ng5+ Kg8 47.
Nxh5 Rg1+ 48. Kh2 Re1 49. Nf4 Be3 50. Ngh3 Bxf4 51. Nxf4 Nd4 0-1

[Event "Women's Speed Chess Q4"]
[Site "chess.com INT"]
[Date "2021.06.03"]
[Round "10"]
[White "Jakubowska, Anna"]
[Black "Adam, Ernestina"]
[Result "1-0"]
[WhiteTitle "WIM"]
[BlackTitle "WCM"]
[WhiteElo "2073"]
[BlackElo "1354"]
[WhiteFideId "1121952"]
[BlackFideId "165883"]
[EventDate "2021.06.03"]

1. e4 c6 2. d4 d5 3. e5 Bf5 4. Nf3 e6 5. Be2 Ne7 6. O-O Bg6 7. Nbd2 Nf5 8. Nb3
Be7 9. a4 c5 10. dxc5 Nc6 11. Bf4 O-O 12. Re1 Na5 13. g4 Nh4 14. Nxh4 Bxh4 15.
Nd4 Bg5 16. Bg3 Rc8 17. b4 Nc4 18. Bxc4 dxc4 19. f4 Bh4 20. f5 exf5 21. gxf5
Bxg3 22. hxg3 Qg5 23. Qf3 Bh5 24. Qe3 Qg4 25. Kg2 Rcd8 26. c3 Rfe8 27. Rh1 Rxd4
28. cxd4 c3 29. Rhf1 Rd8 30. e6 fxe6 31. fxe6 Bg6 32. Rae1 h6 33. e7 Re8 34. d5
c2 35. d6 c1=Q 36. Rxc1 Be4+ 37. Kf2 Qf5+ 38. Ke1 Qd5 39. Rd1 Qc4 40. Rd4 Qc2
41. Qxe4 Qc1+ 42. Kf2 Qb2+ 43. Kg1 1-0

[Event "Women's Speed Chess Q4"]
[Site "chess.com INT"]
[Date "2021.06.03"]
[Round "10"]
[White "Yu, Jennifer"]
[Black "Girya, Olga"]
[Result "1-0"]
[WhiteTitle "FM"]
[BlackTitle "WGM"]
[WhiteElo "2312"]
[BlackElo "2451"]
[WhiteFideId "2078341"]
[BlackFideId "4195752"]
[EventDate "2021.06.03"]

1. d4 d5 2. c4 e6 3. Nc3 Nf6 4. cxd5 exd5 5. Bg5 Bb4 6. e3 h6 7. Bh4 g5 8. Bg3
Ne4 9. Qc2 h5 10. Bd3 Bf5 11. f3 Nxg3 12. hxg3 Bxd3 13. Qxd3 c6 14. O-O-O Nd7
15. Nge2 Qe7 16. e4 dxe4 17. fxe4 O-O-O 18. Qf3 h4 19. gxh4 gxh4 20. Kb1 Nb6 21.
a3 Bxc3 22. Nxc3 Rhg8 23. d5 Nc4 24. dxc6 bxc6 25. Qe2 Ne5 26. Qa6+ Kb8 27.
Rxd8+ Rxd8 28. Qa5 Rd2 29. Nd5 Nc4 30. Nxe7 Nxa5 31. Kc1 Rxg2 32. Rxh4 Nc4 33.
Nxc6+ Kb7 34. e5 Nxb2 35. Nd8+ Kc8 36. Nxf7 Nd3+ 37. Kd1 Nb2+ 38. Ke1 Nd3+ 39.
Kd1 Nb2+ 40. Kc1 Nd3+ 41. Kb1 Rb2+ 42. Ka1 Re2 43. Rh8+ Kb7 44. Rh7 Kb6 45. Rh6+
Ka5 46. Rh3 Nc5 47. Rc3 1-0

[Event "Women's Speed Chess Q4"]
[Site "chess.com INT"]
[Date "2021.06.03"]
[Round "10"]
[White "Narva, Mai"]
[Black "Tarasova, Viktoriya"]
[Result "1/2-1/2"]
[WhiteTitle "WIM"]
[BlackTitle "WIM"]
[WhiteElo "2276"]
[BlackElo "2226"]
[WhiteFideId "4500512"]
[BlackFideId "4175840"]
[EventDate "2021.06.03"]

1. e4 c5 2. Nf3 d6 3. d4 cxd4 4. Nxd4 Nf6 5. Nc3 a6 6. f4 e5 7. Nb3 Qc7 8. Be2
Be7 9. f5 b5 10. a3 Bb7 11. Bf3 Nbd7 12. g4 h6 13. Be3 Nc5 14. Nxc5 dxc5 15. h4
b4 16. axb4 cxb4 17. Nd5 Bxd5 18. exd5 e4 19. Be2 Bc5 20. Rh3 Rd8 21. Rxa6 O-O
22. Rc6 Qxc6 23. dxc6 Rxd1+ 24. Kxd1 Bxe3 25. Rxe3 Rc8 26. g5 hxg5 27. hxg5 Nh7
28. g6 fxg6 29. fxg6 Nf6 30. Bb5 Kf8 31. c3 bxc3 32. Rxc3 Ke7 33. Ra3 Nd5 34.
Ra4 Kf6 35. Ke2 e3 36. Bc4 Nb6 37. Ba6 Rxc6 38. Rf4+ Kxg6 39. Bb7 Rc2+ 40. Kxe3
Rxb2 41. Rg4+ Kf6 42. Kd3 Nd7 43. Rf4+ Kg5 44. Rf7 Rxb7 45. Rxg7+ Kf6 46. Rg1
Ne5+ 47. Ke4 Ke6 48. Ra1 Rb4+ 49. Ke3 Rb3+ 50. Ke4 Rb4+ 51. Ke3 Rb3+ 52. Ke4
Rb4+ 1/2-1/2

[Event "Women's Speed Chess Q4"]
[Site "chess.com INT"]
[Date "2021.06.03"]
[Round "10"]
[White "Pham, Le Thao Nguyen"]
[Black "Daulyte-Cornette, Deimante"]
[Result "1/2-1/2"]
[WhiteTitle "IM"]
[BlackTitle "IM"]
[WhiteElo "2369"]
[BlackElo "2387"]
[WhiteFideId "12401226"]
[BlackFideId "12802859"]
[EventDate "2021.06.03"]

1. d4 d6 2. Nf3 Nf6 3. g3 g6 4. Bg2 Bg7 5. O-O O-O 6. c4 Nc6 7. Nc3 e5 8. e3 Bf5
9. d5 Nb8 10. Ne1 a5 11. e4 Bg4 12. f3 Bc8 13. Nd3 Na6 14. h3 Nd7 15. Be3 Ndc5
16. Kh2 Nxd3 17. Qxd3 Nc5 18. Qe2 f5 19. f4 Nxe4 20. Nxe4 fxe4 21. Bxe4 Bf5 22.
Bg2 exf4 23. Bxf4 Re8 24. Qd2 Qf6 25. Rf2 Qd4 26. g4 Be4 27. Qxd4 Bxd4 28. Rd2
Bg7 29. Rf1 Bxg2 30. Kxg2 Re4 31. b3 a4 32. Rf3 axb3 33. axb3 Ra1 34. Bg3 Rb1
35. Ra2 h6 36. Ra8+ Kh7 37. Rc8 Re7 38. Bh4 g5 39. Bf2 b6 40. Ra8 Rb2 41. Ra7
Bd4 42. Kg3 Bxf2+ 43. Rxf2 Rxb3+ 44. Rf3 Rxf3+ 45. Kxf3 Kg6 46. Ra8 Kf6 47. Rh8
Kg7 48. Rc8 Kf6 49. Rh8 Ke5 50. Ke3 Kf6+ 51. Kf3 1/2-1/2

[Event "Women's Speed Chess Q4"]
[Site "chess.com INT"]
[Date "2021.06.03"]
[Round "10"]
[White "Zawadzka, Jolanta"]
[Black "Linares Napoles, Oleiny"]
[Result "0-1"]
[WhiteTitle "WGM"]
[BlackTitle "WGM"]
[WhiteElo "2399"]
[BlackElo "2255"]
[WhiteFideId "1122320"]
[BlackFideId "3504794"]
[EventDate "2021.06.03"]

1. e4 d6 2. d4 Nf6 3. Nc3 g6 4. Be3 c6 5. Nf3 Nbd7 6. Qd2 Qc7 7. h3 Bg7 8. Bh6
Bxh6 9. Qxh6 b5 10. Bd3 Bb7 11. g4 a6 12. O-O-O O-O-O 13. Qe3 Kb8 14. e5 Nd5 15.
Nxd5 cxd5 16. Rhe1 dxe5 17. Nxe5 Nxe5 18. dxe5 e6 19. Qd4 h5 20. Kb1 hxg4 21.
hxg4 Rh2 22. Qf4 Rdh8 23. f3 R8h7 24. a4 Qc5 25. axb5 axb5 26. Qf6 Kc7 27. f4
Bc8 28. f5 gxf5 29. gxf5 Rf2 30. Rf1 exf5 31. Rxf2 Qxf2 32. Bxb5 Qc5 33. Bd3 Be6
34. Bxf5 Rh2 35. Bd3 d4 36. Rf1 Rd2 37. Qg5 Rh2 38. Qf4 Rh8 39. Kc1 Ra8 40. Kd2
Qb4+ 41. Ke2 Qxb2 42. Qe4 Ra5 43. Qh7 Rc5 44. Rxf7+ Bxf7 45. Qxf7+ Kb6 46. Qe6+
Rc6 47. Qd7 Qb4 48. e6 Qc5 49. Kf3 Qe5 50. e7 Rf6+ 51. Kg4 Qf4+ 52. Kh3 Rh6+ 53.
Kg2 Rh2+ 54. Kg1 Qf2# 0-1

[Event "Women's Speed Chess Q4"]
[Site "chess.com INT"]
[Date "2021.06.03"]
[Round "10"]
[White "Morris-Suzuki, Sophie"]
[Black "Nurmanova, Alua"]
[Result "1-0"]
[WhiteTitle "WFM"]
[BlackTitle "WFM"]
[WhiteElo "2043"]
[BlackElo "2008"]
[WhiteFideId "30922615"]
[BlackFideId "13729390"]
[EventDate "2021.06.03"]

1. e4 c5 2. Nf3 d6 3. Bb5+ Nc6 4. Bxc6+ bxc6 5. O-O Nf6 6. e5 Nd7 7. d4 e6 8.
exd6 Bxd6 9. Nc3 O-O 10. Ne4 Be7 11. Be3 c4 12. c3 Nb6 13. Ne5 Qc7 14. Bf4 Qb7
15. Bg3 f6 16. Nf3 Rd8 17. Qe2 a5 18. Rfe1 a4 19. Rab1 Bd7 20. Nc5 Bxc5 21. dxc5
Nd5 22. Qxc4 e5 23. Nd2 Be6 24. Ne4 Qe7 25. Nd6 Ra5 26. b4 axb3 27. axb3 Qa7 28.
b4 Ra3 29. Rec1 Nf4 30. Qf1 Nh5 31. Qe2 Nxg3 32. hxg3 Ra2 33. Rc2 Ra1 34. Rcc1
Ra2 35. Rb2 Qa3 36. Rcc2 Rxb2 37. Rxb2 Qxc3 38. Qd2 Qa3 39. Kh2 f5 40. Rc2 Rf8
41. Qc3 Qa4 42. Re2 e4 43. f3 Rf6 44. fxe4 Qd1 45. Re1 Rh6+ 46. Kg1 Qh5 47. exf5
Qh2+ 48. Kf2 Bd7 49. Re7 Rf6 50. Rxd7 h6 51. Qc4+ Kh7 52. Qg4 h5 53. Qxg7# 1-0

[Event "Women's Speed Chess Q4"]
[Site "chess.com INT"]
[Date "2021.06.03"]
[Round "10"]
[White "Szente Varga, Fruzsina"]
[Black "Nguyen, Thi Thanh An"]
[Result "0-1"]
[WhiteTitle "WFM"]
[BlackTitle "WGM"]
[WhiteElo "2100"]
[BlackElo "2259"]
[WhiteFideId "712264"]
[BlackFideId "12400300"]
[EventDate "2021.06.03"]

1. e4 c5 2. Nf3 d6 3. d4 cxd4 4. Qxd4 Nc6 5. Bb5 Bd7 6. Qd3 g6 7. c4 Bg7 8. Nc3
Nf6 9. O-O O-O 10. h3 a6 11. Bxc6 Bxc6 12. Be3 Nd7 13. Rab1 Nc5 14. Bxc5 dxc5
15. Qe2 e6 16. Rfd1 Qc7 17. Rd3 Rfd8 18. Rbd1 Rxd3 19. Qxd3 Bf6 20. Qe3 b6 21.
e5 Bg7 22. Re1 Rd8 23. Ng5 Rd4 24. b4 Rxc4 25. bxc5 Rxc5 26. f4 Bxg2 27. Nce4
Bxe4 28. Nxe4 Rc2 29. Qd3 Bf8 30. a4 Bc5+ 31. Kh1 Be7 32. Rd1 Rc1 33. Kg2 Rxd1
34. Qxd1 Qc6 35. Qd4 h5 36. Kg3 h4+ 37. Kg4 Kg7 38. Kf3 Qc2 39. Qxb6 Qd3+ 40.
Qe3 Qd5 41. Kg4 Qd1+ 42. Qf3 Qxa4 43. Ng5 Qa1 44. Kxh4 Qg1 45. Qg4 Qxg4+ 46.
hxg4 Bxg5+ 47. Kxg5 a5 48. f5 gxf5 49. gxf5 exf5 50. Kxf5 a4 0-1